Llwytho...

Vivaranatmaka folklore grandhasoochi /

Manylion Llyfryddiaeth
Prif Awdur: Namboodiri, Vishnu M. V.
Iaith:Undetermined
Cyhoeddwyd: Kottayam : Current Books , 2004.
Pynciau:
LEADER 00779nam a2200205Ia 4500
001 140063
008 170722s9999 xx 000 0 und d
020 |a 8124013829 
100 |a Namboodiri, Vishnu M. V. 
245 |a Vivaranatmaka folklore grandhasoochi / 
260 |a Kottayam :  |b Current Books ,  |c 2004. 
300 |a 115 p. 
653 |a Bibliography 
653 |a Folklore 
653 |a Kerala 
923 |d 20041018  |n 721 
942 |c GEN 
999 |c 129919  |d 129919 
952 |0 0  |1 0  |4 0  |6 Y_351_212A_32P4KRP41RB  |7 0  |8 KR  |9 183548  |a LIB  |b LIB  |d 2013-03-25  |e CBS  |o Y:351.212a 32P4(KR)P4;1(RB)  |p 255328  |r 2017-08-12  |v 55.00  |w 2017-08-12  |y GEN 
952 |0 0  |1 0  |4 0  |6 Y_351_212A_32P4KRP41RB  |7 0  |8 RB  |9 183549  |a LIB  |b LIB  |d 2013-03-25  |e CBS  |o Y:351.212a 32P4(KR)P4;1(RB)  |p 255329  |r 2017-08-12  |v 55.00  |w 2017-08-12  |y GEN